000 00554nam a2200169Ia 4500
008 140529s9999 xx 000 0 und d
020 _a9780486479415
050 _aNC 760
_b.Sp7 2010
100 _aSparkes, John C. L.
245 4 _aThe complete guide to artistic anatomy /
_cJohn C.L. Sparkes ; revised, and with additional text and illustrations by William H. Gates
250 _aDover ed.
260 _aMineola, N.Y. :
_bDover Publications,
_cc2010.
300 _a76 p. :
_bill. ;
_c28 cm.
521 _aNUR
942 _kFOR
_cBK
999 _c117738
_d117738